000 00616nam a22002177a 4500
999 _c5504
_d5504
003 AR-CdUCM
008 190312b ||||| |||| 00| 0 spa d
040 _aMUNICIPALIDAD PROVINCIAL DEL CUSCO
_cBIBLIOTECA MUNICIPAL DEL CUSCO
082 _a869.56 /
_bH73
245 _aHonda Tierra /
260 _aLima :
_bTalleres Graficos Mercagraph,
_c1957.
300 _aXIV,
_c20cm.
440 _aCuaderno Publicado
_n1
_916511
500 _aFormas de Voz
650 _aPoesia
_95517
650 _aPerĂº
_935
650 _aLiteratura
_983
650 _aCuaderno de Poesias
_916512
942 _2ddc
_cLIBROS
945 _apjha